00715nam a22002057a 450000500170000001000150001702000260003203500140005803700130007208200110008510000210009624500810011726000380019827000620023630000220029850000230032094200250034399900190036895201220038720180710162428.0 aENG-123432 a9788178245270c695.00 aEN-106964 bDBAD/PUB a863.09 aSudiptia Kaviraj aThe invention of private life :cby Sudiptia Kavirajbliterature and ideas / aRanikhet bPermanent Black c2018 aHimalayana, Mall Road, Ranikhet Cantt. bRanikhete263645v a368p. c21cm(pbk) aIt includes index  2ddccENmSUDh863.09 c153787d153787 001040718NFICaDBADbLd2018-07-11eDBAD/PUBg695.00l0o863.09 SUDpEN-106964r2018-07-11 00:00:00t1v695.00yEN